| 000 | 00619nam a2200229Ia 4500 | ||
|---|---|---|---|
| 008 | 220216s9999 xx 000 0 und d | ||
| 100 | _aZhong J-P | ||
| 245 | 0 | _aThermooxidative decomposition and its kinetics on chlorinated natural rubber latex | |
| 260 |
_bJournal of Applied Polymer Science _c2001 |
||
| 300 | _a1305-09 | ||
| 500 | _aSource Year: 2001 | ||
| 650 | _aChlorinated NR latex | ||
| 650 | _aThermooxidative decomposition | ||
| 700 | _aGuo C-K | ||
| 700 | _aLi S-D | ||
| 700 | _aPeng Z | ||
| 700 | _aQu J-L | ||
| 700 | _aWei Y-C | ||
| 700 | _aYu H-P | ||
| 856 | _uRAPRA.38(12) | ||
| 942 | _cJS | ||
| 999 |
_c71260 _d71260 |
||